Cricket: Leading English Test Batsman A-Z - Statistics

General Stats
  • This quiz has been taken 506 times
  • The average score is 9 of 24
Answer Stats
letter runs player % Correct
C 11,629 Alastair Cook
96%
G 8900 Graham Gooch
83%
P 8181 Kevin Pietersen
79%
A 7728 Mike Atherton
72%
R 5323 Joe Root
69%
B 8114 Geoff Boycott
67%
S 8463 Alec Stewart
61%
F 3845 Andrew Flintoff
50%
V 5719 Michael Vaughan
49%
H 7249 Wally Hammond
46%
E 5138 John Edrich
45%
T 6744 Graham Thorpe
43%
L 4656 Allan Lamb
30%
K 4389 Alan Knott
28%
I 1836 Ray Illingworth
28%
D 4502 Ted Dexter
24%
M 4537 Peter May
19%
Y 812 Norman Yardley
15%
O 845 Chris Old
11%
W 3283 Frank Woolley
8%
J 1415 Stanley Jackson
8%
U 949 George Ulyett
4%
N 355 Stan Nichols
2%
Q 228 Willie Quaife
2%
No matching quizzes found
Score Distribution
Percent of People with Each Score
Percentile by Number Answered
Your Score History
You have not taken this quiz